000 00492nam a2200205Ia 4500
003 OSt
005 20250902160808.0
008 250729s2005 xx 000 0 und d
020 _a978-8176489256
040 _cAL
041 _aeng
082 _a371.2 CHAE
100 _aKhan Sharif
_9222396
245 _aEducational administration
260 _aNew Delhi
_bA P H Publishing
_c2005
300 _a107p
650 _aEducation
_9222397
700 _aKhan S
_9222398
942 _2ddc
_cBED
999 _c235443
_d235443